NCAA College Teams by State: West Virginia - Statistics

General Stats
  • This quiz has been taken 79 times
    77 since last reset
  • The average score is 7 of 15
Answer Stats
% Correct
Division I-A West Virginia Mountaineers
100%
Division I-A Marshall Thundering Herd
98%
Division II West Virginia State Yellow Jackets
68%
Division II Wheeling Cardinals
50%
Division II Charleston (WV) Golden Eagles
48%
Division II Fairmont State Falcons
45%
Division II Shepherd Rams
39%
Division II West Liberty Hilltoppers
34%
Division II Bluefield State Big Blues
32%
Division II Concord Mountain Lions
32%
Division II Glenville State Pioneers
32%
Division II West Virginia Wesleyan Bobcats
32%
Division II Davis & Elkins Senators
30%
Division III Bethany Bison
25%
Division II Salem Tigers
21%
No matching quizzes found
Score Distribution
Percent of People with Each Score
Percentile by Number Answered
Your Score History
You have not taken this quiz since the last reset